MARC details
| 000 -LEADER |
| fixed length control field |
01213cam a2200349 a 4500 |
| 001 - CONTROL NUMBER |
| control field |
collegealgebra00lars |
| 003 - CONTROL NUMBER IDENTIFIER |
| control field |
CaSfIA |
| 005 - DATE AND TIME OF LATEST TRANSACTION |
| control field |
20230525155204.0 |
| 007 - PHYSICAL DESCRIPTION FIXED FIELD--GENERAL INFORMATION |
| fixed length control field |
cr|||| |
| 008 - FIXED-LENGTH DATA ELEMENTS--GENERAL INFORMATION |
| fixed length control field |
920817s1993 maua 001 0 eng |
| 010 ## - LIBRARY OF CONGRESS CONTROL NUMBER |
| LC control number |
92072845 |
| 040 ## - CATALOGING SOURCE |
| Original cataloging agency |
DLC |
| Transcribing agency |
DLC |
| Modifying agency |
WUO |
| -- |
MRY |
| -- |
BAKER |
| -- |
BTCTA |
| -- |
OCLCG |
| -- |
CaSfIA |
| 019 ## - |
| -- |
33114336 |
| 020 ## - INTERNATIONAL STANDARD BOOK NUMBER |
| International Standard Book Number |
0669283045 |
| 020 ## - INTERNATIONAL STANDARD BOOK NUMBER |
| International Standard Book Number |
9780669283044 |
| 020 ## - INTERNATIONAL STANDARD BOOK NUMBER |
| International Standard Book Number |
0669332356 |
| 020 ## - INTERNATIONAL STANDARD BOOK NUMBER |
| International Standard Book Number |
9780669332353 |
| 035 ## - SYSTEM CONTROL NUMBER |
| System control number |
(OCoLC)27337050 |
| Canceled/invalid control number |
(OCoLC)33114336 |
| 050 00 - LIBRARY OF CONGRESS CALL NUMBER |
| Classification number |
QA154.2 |
| Item number |
.L384 1993 |
| 082 00 - DEWEY DECIMAL CLASSIFICATION NUMBER |
| Classification number |
512.9 |
| Edition number |
20 |
| 100 1# - MAIN ENTRY--PERSONAL NAME |
| Personal name |
Larson, Ron, |
| Dates associated with a name |
1941- |
| 245 10 - TITLE STATEMENT |
| Title |
College algebra / |
| Medium |
[electronic resource] |
| Statement of responsibility, etc. |
Roland E. Larson, Robert P. Hostetler ; with the assistance of David E. Heyd. |
| 250 ## - EDITION STATEMENT |
| Edition statement |
3rd ed. |
| 260 ## - PUBLICATION, DISTRIBUTION, ETC. |
| Place of publication, distribution, etc. |
Lexington, Mass. : |
| Name of publisher, distributor, etc. |
D.C. Heath, |
| Date of publication, distribution, etc. |
c1993. |
| 300 ## - PHYSICAL DESCRIPTION |
| Extent |
xxxii, 620, 81 p. : |
| Other physical details |
ill. (some col.) ; |
| Dimensions |
24 cm. |
| 500 ## - GENERAL NOTE |
| General note |
Includes indexes. |
| 650 #0 - SUBJECT ADDED ENTRY--TOPICAL TERM |
| Topical term or geographic name entry element |
Algebra. |
| 700 1# - ADDED ENTRY--PERSONAL NAME |
| Personal name |
Hostetler, Robert P. |
| 700 1# - ADDED ENTRY--PERSONAL NAME |
| Personal name |
Heyd, David E. |
| 856 41 - ELECTRONIC LOCATION AND ACCESS |
| Uniform Resource Identifier |
<a href="http://www.archive.org/details/collegealgebra00lars">http://www.archive.org/details/collegealgebra00lars</a> |
| Public note |
Free eBook from the Internet Archive |
| 856 42 - ELECTRONIC LOCATION AND ACCESS |
| Uniform Resource Identifier |
<a href="http://www.openlibrary.org/books/OL1750352M">http://www.openlibrary.org/books/OL1750352M</a> |
| Public note |
Additional information and access via Open Library |